Statistiques concernant Quiz Football 1er Niveau

Cliquez ici pour prendre le quiz!

Statistiques générales

  • Ce quiz a été pris 109 fois
  • Le résultat moyen est 12 sur 15

Statistiques - réponses

QuestionRéponse% Correct
Quel joueur à inscrit le plus de buts en UEFA Champions League (UCL) ?Cristiano Ronaldo
99%
Quel est le premier club français à avoir gagné la UCL ?Olympique de Marseille
96%
Quand est ce que la France a gagné pour la première fois la Coupe du Monde ?1998
94%
Quel joueur à mis un terme à la carrière de Jérome Boateng avec un dribble venu d'ailleurs ?Lionel Messi
93%
Quel club détient le record du plus grand nombre de trophées européens remportés ?Real Madrid
92%
Quelle célèbre chanteuse à fait les tubes des coupes du monde 2006-2010-2014Shakira
92%
Quel est le nom de la célébration la plus connue au monde ?SIUUUUUUUUUUUU
92%
Quel joueur asiatique s'est illustré avec Tottenham ces dernières saisons ?Heung Min Son
89%
Qu'est ce que Kylian Mbappé a dans son palmarès ?La coupe du monde
87%
Qui a gagné le premier Euro ?Union Soviétique
87%
A quelle ville le derby de la Madonnia fait-il référence ?Milan
81%
Quel joueur à commencé sa carrière professionnelle à Besançon, est passé par St Etienne pour finir sa carrière en apothéose à Ajaccio ?Romain Hamouma
61%
Quel est le premier joueur à avoir dépassé le chiffre symbolique de 100 Millions de livres lors de son transfert pour rejoindre le Real de Madrid ?Gareth Bale
60%
Combien de clubs étrangers ont joué dans le championnat Français?1
41%
Quel club à été finaliste de la coupe Latine le 29 juin 1953 face au FC Barcelone ?OGC Nice
27%

Distribution des résultats

Percentile par nombre de réponses

% des personnes avec chaque résultat

Votre développement - résultats

Vous n’avez pas pris ce quiz